Utilización de las inyecciones en las presas

में बचाया:
ग्रंथसूची विवरण
मुख्य लेखक: Quesada Muñoz, Carlos Gmo
स्वरूप: अज्ञात
प्रकाशित: [San José, Costa Rica] 1973
विषय:
टैग: टैग जोड़ें
कोई टैग नहीं, इस रिकॉर्ड को टैग करने वाले पहले व्यक्ति बनें!

MARC

LEADER 00000 a2200000 4500
003 011425
005 20221231143819.0
008 140114s1973 c a m 000 ||s d
040 |c cru CEDI 
090 |a TFG 502 
100 |a Quesada Muñoz, Carlos Gmo  |9 18085 
245 |a Utilización de las inyecciones en las presas 
260 |c 1973  |a [San José, Costa Rica] 
300 |a  54 hojas : cuadros, gráficos ; 28 cm  
500 |a Tesis (Ingeniero Civil) Universidad de Costa Rica.  
650 |x REPRESAS  |9 18086 
942 |c TFG 
999 |c 12385  |d 12385